| 000 | 00453nam a22001697a 4500 | ||
|---|---|---|---|
| 003 | OSt | ||
| 005 | 20251126110435.0 | ||
| 008 | 251126b |||||||| |||| 00| 0 eng d | ||
| 040 | _aSEKU | ||
| 050 |
_aTD 418 _b.R35 |
||
| 100 | _aPeterson, Nissen Erick | ||
| 245 | _aRain catchment and water supply in rural Africa : a manual | ||
| 260 |
_aLondon: _bHodder and Stoughton _c1982. |
||
| 300 | _a83p.: | ||
| 650 |
_aRain _xRural _zAfrica |
||
| 942 |
_2lcc _cGEN |
||
| 999 |
_c18683 _d18683 |
||